00474nam a2200145 i 450000100060000000300090000600500170001500700030003200800410003510000230007624501420009926000370024130000290027885200210030737142ES-MaACL20230906155518.0t|030220s1922 fr ||||1| fre d1 aBrunot, Ferdinand.13aLa sensée et la langrie b: methode principes et plan d'une theorie nouvelle du langage appliquée au français / cFerdinand Brunot. aParis : bMasson et Cie, c1922. aXXXVI, 954 p. ; c25 cm. aES-MaACLjC-2361